[Event "32nd Reykjavik Open 2017"]
[Site "Reykjavik"]
[Date "2017.04.24"]
[Round "7"]
[White "Grandelius, Nils"]
[Black "Andreikin, Dmitry"]
[Result "1-0"]
[WhiteElo "2641"]
[BlackElo "2734"]
[Annotator "TA"]
[PlyCount "139"]
[EventDate "2017.??.??"]
[EventType "swiss"]
[EventCountry "ISL"]
[SourceTitle "playchess.com"]
[Source "ChessBase"]
[SourceQuality "1"]

{[%evp 24,139,39,28,54,0,0,0,0,0,0,0,0,0,0,-4,0,0,0,-20,-19,-11,0,0,0,0,0,0,-3,-4,-4,-4,-4,-13,0,0,0,0,0,-127,-131,-129,-129,-115,-103,-125,-48,-131,-126,-133,0,0,0,0,0,0,86,72,125,117,102,107,98,98,120,111,108,102,111,111,120,102,173,164,225,139,139,139,138,138,131,94,100,94,99,99,170,170,170,170,170,170,170,170,170,170,170,163,163,163,163,163,474,436,2856,2184,2165,1891,1674,1291,29971,29966,29967,29968,29966,29966,29963,29962]} 1. e4 c5 2. Nf3 Nc6 3. d4 cxd4 4. Nxd4 e6 5. Nc3 a6 6. Nxc6 bxc6 7. Bd3 d5 8. O-O Nf6 9. Qf3 Bb7 10. Bf4 Be7 11. Rfe1 O-O 12. Rad1 g6 13. Na4 {LiveBook: 4 Games. B46: Sicilian: Taimanov: 5 Nc3 a6} Nd7 (13... Nxe4 $2 14. Bxe4 e5 15. Bxe5 $18) 14. c4 {[#]} (14. Bf1 $14) 14... d4 $146 (14... Qa5 15. Bc2 Rfd8 16. Qg3 Rac8 {½-½ (41) Kasimdzhanov,R (2673)-Movsesian,S (2618) Sochi 2006}) 15. e5 {The position is equal.} Rb8 16. Be4 Nb6 $1 {[%cal Rb6a4]} 17. Nxb6 Qxb6 18. b3 c5 19. Bh6 Rfd8 20. Rd3 Rd7 21. Bxb7 Rdxb7 22. Qf4 Qa5 {[%cal Ra5e1]} 23. Re2 Qd8 $40 {[%mdl 128] White needs to defend precisely.} 24. Rf3 Qe8 $1 25. Rd2 a5 26. Rdd3 a4 27. h4 $1 axb3 28. axb3 Ra8 {[%cal Bb8a8,Ba8a1,Ba1e1,Be1h1][%mdl 32]} 29. h5 Ra1+ 30. Kh2 Re1 {[#]} 31. Rg3 (31. b4 $1 $11 {[%mdl 512]}) 31... Ra7 $1 $17 32. hxg6 hxg6 33. Rh3 Raa1 $1 (33... Qb8 34. Bg7 $1 {[%mdl 512]} f5 35. Qh6 $18) 34. Rdf3 Rh1+ 35. Kg3 Bd8 $1 36. b4 Qd7 (36... cxb4 $17 37. Qxd4 Rae1) 37. bxc5 $11 f5 38. Rd3 Rxh3+ 39. gxh3 Qc6 ({Reject} 39... Be7 40. Qxd4 (40. Rxd4 $2 Qb7 41. c6 Qxc6 $19) 40... Qxd4 41. Rxd4 $16) (39... Bc7 $11 {remains equal.}) 40. f3 $1 $16 ({Not} 40. Qxd4 $2 Rg1+ 41. Kf4 g5+ 42. Ke3 Re1+ 43. Kd2 Ba5+ 44. Qc3 Bxc3+ $19) 40... Be7 ({Black should try} 40... Rg1+ 41. Kf2 (41. Kh2 Re1 $16) 41... Rb1) 41. Qxd4 Ra7 {[#]} 42. h4 $1 Bxc5 43. Qd8+ Kh7 44. Bg5 {Intending Bf6 and mate.} Rf7 45. Qb8 {White threatens Rd8 and mate.} Bf8 46. Qb5 Qc7 47. Be3 f4+ (47... Qc8 $16 48. c5 f4+ 49. Bxf4 Bxc5) 48. Bxf4 $18 Bg7 (48... Qa7 $142 49. Qb1 Rf5) 49. Rd6 {Hoping for c5.} Qa7 {( -> ...Qg1+)} 50. Qb1 Rf5 51. Rb6 Qc7 52. Rb7 Qxc4 53. Qc1 Qd4 54. Qe3 Qxe3 (54... Qa1 $16) 55. Bxe3 $16 {[%mdl 4096] Endgame KRB-KRB} Kg8 56. f4 {Re7 is the strong threat.} Bf8 57. Kg4 Ba3 58. Ra7 Bb4 59. Ra6 Kf7 60. Bb6 Be7 61. Ra7 Ke8 62. Ra8+ Kf7 $2 {[#]} (62... Kd7 63. Rh8 Rf7) 63. Bd8 $1 $18 {Strongly threatening Ra7.} Bxd8 (63... Bb4 $142 64. Ra7+ Kg8) 64. Rxd8 {KR-KR} Rh5 65. Rd7+ Kf8 66. Ra7 Rh6 67. Kg5 {White mates.} Rh5+ 68. Kf6 {[%cal Ra7a8]} Rf5+ 69. Kxg6 Rxf4 70. h5 1-0

[Event "32nd Reykjavik Open 2017"]
[Site "Reykjavik"]
[Date "2017.04.24"]
[Round "7"]
[White "L'Ami, Erwin"]
[Black "Vaishali R"]
[Result "1-0"]
[WhiteElo "2614"]
[BlackElo "2259"]
[Annotator "TA"]
[PlyCount "89"]
[EventDate "2017.??.??"]
[EventType "swiss"]
[EventCountry "ISL"]
[SourceTitle "playchess.com"]
[Source "ChessBase"]
[SourceQuality "1"]

{[%evp 26,89,24,14,15,21,21,21,21,30,31,31,43,35,51,26,56,60,64,63,69,59,75,45,121,93,108,91,93,95,98,98,98,87,115,77,73,77,153,105,180,193,194,123,222,219,245,256,248,247,325,310,304,320,323,322,414,388,414,411,403,396,371,379,341,251]} 1. d4 Nf6 2. c4 e6 3. Nf3 d5 4. Nc3 Be7 5. Bg5 h6 6. Bh4 O-O 7. e3 b6 8. Be2 Bb7 9. Bxf6 Bxf6 10. cxd5 exd5 11. b4 c6 12. O-O Nd7 13. Qb3 {D58: Queen's Gambit Declined: Tartakower Defence} Re8 (13... b5 14. a4 a6 15. a5 g6 16. Rac1 Bg7 17. Rc2 Qe7 18. Bd3 Nf6 19. Rfc1 Rfd8 20. Ne5 Nd7 21. Nxd7 Rxd7 {½-½ (51) Ivanchuk,V (2733)-Karjakin,S (2776) Beijing 2013}) 14. Rad1 {LiveBook: 4 Games} b5 15. a4 {The position is equal.} a6 16. a5 Be7 17. Na2 {[%cal Bc3a2,Ba2c1,Bc1d3][%mdl 32]} Bd6 18. Nc1 Qf6 19. Nd3 Re6 {[#]} 20. Nd2 $146 (20. Nc5 Nxc5 21. dxc5 {0-1 (42) Sturua,Z (2536)-Lputian,S (2627) Bled 2002}) 20... Qh4 {[%csl Gd6][%cal Rh4h2] [#]} 21. g3 Qh3 22. Bf3 Rae8 23. Rc1 h5 24. Qd1 Rg6 (24... Qf5 $14 25. Nb3 Qh7) 25. Bg2 Qf5 26. Nf4 $36 {[%mdl 2048] White has strong initiative.} Bxf4 27. exf4 ({Don't play} 27. gxf4 Qh3 28. Qf3 Qf5 $14) 27... h4 28. Nf3 hxg3 29. hxg3 {Black must now prevent Nh4.} Rge6 30. Qc2 Qxc2 31. Rxc2 Nf6 (31... Re2 $142 32. Rfc1 Rxc2 33. Rxc2 f6) 32. Rfc1 Ne4 (32... Re2 $16) 33. Ne5 $18 Nd6 {[#]} 34. Nxc6 (34. Bh3 $1 $18) 34... Nc4 (34... Nf5 $16 {is a better defense.}) 35. Ne5 $1 ({Stronger than} 35. Bxd5 Rxc6 36. Bxc6 Bxc6 $15) 35... f6 36. Nd3 ({Weaker is} 36. Nxc4 Re1+ 37. Kh2 bxc4 $11) 36... Rd6 37. Bh3 Kf7 38. Nc5 Bc8 39. Bxc8 Rxc8 40. Re1 Re8 41. Rxe8 Kxe8 42. Re2+ Kf7 43. f5 g6 44. fxg6+ Kxg6 45. Kg2 1-0

[Event "32nd Reykjavik Open 2017"]
[Site "Reykjavik"]
[Date "2017.04.24"]
[Round "7"]
[White "Yilmaz, Mustafa"]
[Black "Esserman, Marc"]
[Result "1-0"]
[WhiteElo "2614"]
[BlackElo "2458"]
[Annotator "TA"]
[PlyCount "73"]
[EventDate "2017.??.??"]
[EventType "swiss"]
[EventCountry "ISL"]
[SourceTitle "playchess.com"]
[Source "ChessBase"]
[SourceQuality "1"]

{[%evp 4,73,27,25,37,27,53,32,45,23,11,12,16,-8,15,5,26,21,10,8,-8,-31,-36,-58,-51,-50,-50,-61,-68,-66,-66,-66,-72,-82,-52,-162,-73,-75,0,-5,0,0,0,-26,-32,-49,-35,-116,-104,-91,-86,-85,-61,-85,18,15,125,45,49,0,17,0,941,0,924,-571,924,921,5306,5306,29980,29981]} 1. d4 f5 2. Bf4 Nf6 3. e3 d6 {A80: Dutch Defence: Unusual White second moves} (3... e6 4. Be2 b6 5. Bf3 d5 6. c4 c6 7. Nc3 Bd6 8. Nge2 O-O 9. O-O Ba6 10. cxd5 cxd5 11. Re1 Nc6 {1-0 (45) Morozevich,A (2683)-Kamsky,G (2637) Sochi 2016}) 4. Be2 c6 5. c4 $146 (5. Nd2 Nbd7 6. Ngf3 g6 7. h4 Bg7 8. h5 Nxh5 9. Rxh5 gxh5 10. Ng5 Nf6 11. Bxh5+ Kf8 12. Nf7 {0-1 (12) Bruno,G (1682)-Rodriguez Vila,A (2435) Villa Martelli 2014}) 5... Qa5+ {White is slightly better.} 6. Nc3 e5 7. Bg3 Ne4 8. Nf3 Nd7 (8... Nxc3 $5 {is more complex.} 9. Qd2 e4 10. Ng1 Be6 11. a3 Be7) 9. Nd2 Nxc3 10. bxc3 Qxc3 11. O-O Be7 (11... exd4 $6 12. Rc1 Qb2 13. Rb1 (13. exd4 Qxd4 14. Re1 Kf7 $15) 13... Qxa2 14. exd4 $16) 12. c5 d5 $1 ({But not} 12... dxc5 $6 13. Rc1 Qb4 14. a3 $16 (14. dxe5 Nb6 $14)) 13. Nb3 O-O $1 14. Rc1 Qb4 $1 15. a3 Qa4 $1 {And now ...f4 would win.} 16. dxe5 Qxa3 17. Qc2 {aiming for Rfd1.} a5 $1 18. Nd4 {Black must now prevent e6.} Qxc5 ({Don't go for} 18... Nxc5 $2 19. Ra1 Qb4 20. Rfb1 $18) 19. Qd3 (19. Nxf5 $15 Nb6 20. Qd1 (20. Qxc5 Bxc5 21. Nh6+ gxh6 $15)) 19... Qb6 (19... Qb4 $19 {and Black stays clearly on top.} 20. Rb1 Nc5) 20. Nxf5 $17 Qd8 ({Black should try} 20... Rxf5 $17 21. Qxf5 Nc5) 21. e4 $11 Bb4 {...Nc5 is the strong threat.} 22. Qd4 Qb6 23. Qa1 {Threatening e6.} dxe4 24. Bc4+ Kh8 25. Nd6 {[#]} ({White should play} 25. Nxg7 $15 Kxg7 26. Rfe1 $1 {[%mdl 512]}) 25... Bxd6 $1 $17 26. exd6 Nf6 27. Be5 Bd7 28. Rfe1 Rae8 (28... Bf5 $17) 29. Rxe4 $1 $11 c5 (29... a4 $11 {remains equal.}) 30. Rf4 (30. Rb1 $16 Qd8 31. Rxb7) 30... Qd8 $14 31. Ba2 b6 32. Re1 $40 {[%mdl 128] White mounts an attack.} Nh5 $2 {[%mdl 8192]} (32... b5 $11) 33. Rxf8+ $18 Rxf8 {[#]} 34. Bxg7+ $1 {[%mdl 512]} Nxg7 35. Re7 Qxe7 36. dxe7 {[%cal Re7f8]} Rf5 {[#]} 37. Be6 $1 {[%mdl 512]} 1-0

[Event "32nd Reykjavik Open 2017"]
[Site "Reykjavik"]
[Date "2017.04.24"]
[Round "7"]
[White "Gupta, Abhijeet"]
[Black "Movsesian, Sergei"]
[Result "1-0"]
[WhiteElo "2607"]
[BlackElo "2677"]
[Annotator "TA"]
[PlyCount "129"]
[EventDate "2017.??.??"]
[EventType "swiss"]
[EventCountry "ISL"]
[SourceTitle "playchess.com"]
[Source "ChessBase"]
[SourceQuality "1"]

{[%evp 23,129,15,5,12,42,33,37,14,0,0,16,27,27,27,27,27,27,21,19,25,39,20,22,19,19,19,12,22,12,14,34,26,35,39,62,54,74,87,114,108,127,127,115,117,133,106,109,87,138,156,126,0,72,0,134,108,118,16,25,0,0,0,0,0,0,0,30,27,35,27,41,0,50,67,48,59,38,37,39,50,274,265,602,591,1661,1684,1642,1580,1293,1222,5597,5517,29965,29968,29968,29969,29968,29970,29970,29970,29971,29971,29970,29972,29972,29972,29968,29965]} 1. d4 Nf6 2. c4 e6 3. Nf3 d5 4. g3 Be7 5. Bg2 O-O 6. O-O dxc4 7. Qc2 a6 8. a4 Bd7 9. Qxc4 Bc6 10. Bf4 Bd6 {E05: Open Catalan: 5 Nf3 Be7} 11. Qc1 Nbd7 (11... a5 12. Nc3 Na6 13. Bd2 Nb4 14. Qb1 Bxf3 15. Bxf3 c6 16. Rd1 Qe7 17. Ne4 Nxe4 18. Qxe4 {1-0 (44) Ding,L (2760)-Aronian,L (2785) Sharjah 2017}) 12. Nc3 Qe7 {LiveBook: 5 Games. The position is equal.} 13. a5 $146 (13. Rd1 Rfe8 14. a5 Rab8 15. Bd2 e5 16. dxe5 Nxe5 17. Nd4 Bxg2 18. Kxg2 {½-½ (49) Bu,X (2681)-Onischuk,A (2665) Tsaghkadzor 2015}) 13... e5 14. dxe5 Nxe5 15. Nd4 Bxg2 16. Kxg2 Ng6 {...Bxf4 is the strong threat.} 17. Nf5 Qe6 18. Nxd6 cxd6 19. Rd1 Ne4 20. Nd5 {[#] Threatens to win with Nc7.} Rac8 21. Qe3 Rfe8 22. f3 Nf6 23. Qxe6 Rxe6 24. Nc3 Nxf4+ 25. gxf4 d5 26. Ra4 Kf8 27. Rb4 $36 {[%mdl 2048] White is more active.} Re7 28. e4 dxe4 29. fxe4 Ne8 30. Kf3 f6 31. Rb6 g5 32. f5 h5 (32... Rc4 $2 33. Rd8 $18) 33. Rd4 Rf7 34. Ke3 Kg7 35. Rdb4 Rcc7 {[#]} (35... Rc5 $142) 36. Re6 $1 $16 {[%cal Re6e8]} Rc8 37. Reb6 (37. h3 $142) 37... Rcc7 $1 38. Re6 ({Better is} 38. Nd5 Rcd7 39. Re6) 38... Rc8 39. h3 Rd8 40. Reb6 (40. Ke2 $16) 40... Nd6 $11 41. Kf3 Rdd7 42. Ke2 Nc8 43. Re6 Ne7 44. Ra4 Nc6 45. Nd5 Rf8 46. Ke3 h4 47. Ra1 Nd8 48. Rc1 Nxe6 49. fxe6 $14 {[%cal Bf5e6,Be6e7][%mdl 4128] Endgame KRR-KRN} Rd6 50. Rc7+ Kh6 (50... Kg6 $2 51. Ne7+ Kh5 52. Nf5 Rxe6 53. Ng7+ Kh6 54. Nxe6 $18) 51. e7 Rh8 $2 (51... Re8 $14) 52. Rxb7 $18 {Strongly threatening Rb6.} Kg6 $2 (52... Re8 53. Rb6 Rxd5 54. exd5 Rxe7+ 55. Re6 Ra7 56. Rxf6+ Kh5) 53. Rb6 Rxb6 54. axb6 {KR-KN} Kf7 55. Nc7 Kxe7 56. Nxa6 g4 57. b7 gxh3 58. Kf3 {White mates.} Kd6 59. b8=Q+ Rxb8 60. Nxb8 {KN-K3P} h2 61. Kg2 Ke5 62. Nd7+ Kxe4 63. Nxf6+ ({Stronger than} 63. Kxh2 Kd3 $11) 63... Kd4 64. Ng4 ({And not} 64. Kxh2 Kc4 $11) 64... Kc4 65. Ne3+ ({Worse is} 65. Kxh2 Kb3 $11) 1-0

[Event "32nd Reykjavik Open 2017"]
[Site "Reykjavik"]
[Date "2017.04.24"]
[Round "7"]
[White "Van Foreest, Jorden"]
[Black "Christiansen, Johan-Sebastian"]
[Result "1-0"]
[WhiteElo "2584"]
[BlackElo "2429"]
[Annotator "TA"]
[PlyCount "91"]
[EventDate "2017.??.??"]
[EventType "swiss"]
[EventCountry "ISL"]
[SourceTitle "playchess.com"]
[Source "ChessBase"]
[SourceQuality "1"]

{[%evp 16,91,11,-53,20,25,16,3,45,67,69,51,69,36,32,0,-8,0,0,14,183,131,145,150,148,151,147,22,638,645,665,641,612,668,637,609,532,0,184,186,168,0,177,0,0,0,0,0,0,0,434,428,356,169,29962,-54,6206,6226,29978,370,29979,29980,29980,29981,29981,29982,29982,29983,29983,29984,29986,29985,29985,29986,29986,29987,29987,29986]} 1. e4 {[%cal Be2e4,Be4e5][%mdl 32]} e6 2. d4 d5 3. Nc3 Nf6 4. e5 Nfd7 5. f4 c5 6. Nf3 Nc6 7. Be3 Be7 8. Qd2 O-O 9. h4 {LiveBook: 4 Games. C11: French: Classical System: 4 e5 and 4 Bg5 dxe4} (9. dxc5 $11 Bxc5 10. O-O-O) (9. a3 cxd4 10. Nxd4 Nxd4 11. Bxd4 Nb8 12. Bd3 Nc6 13. Bf2 a6 14. O-O f6 15. exf6 Bxf6 16. Na4 b5 {½-½ (30) Svidler,P (2748)-Short,N (2675) Caleta 2017}) 9... a6 (9... cxd4 $15 10. Nxd4 Bxh4+ 11. Bf2 Bxf2+ 12. Qxf2 Nxd4 13. Qxd4 Qb6 14. Qxb6 axb6) 10. dxc5 $146 (10. g3 b5 11. a3 Bb7 12. Bh3 Rc8 13. O-O g6 14. Kh2 Qc7 15. Qf2 Na5 16. Ne2 Nc4 {0-1 (41) Kabanov,N (2521)-Riazantsev,A (2617) Novokuznetsk 2008}) 10... Qa5 11. O-O-O {The position is equal.} Bxc5 12. Kb1 b5 13. Bd3 Rd8 14. Bxc5 Nxc5 15. Bxh7+ Kxh7 16. Ng5+ Kg8 {And now ...f6 would win.} 17. Qe2 $1 {[%cal Re2h5] Hoping for Qh5.} Na4 $2 (17... b4 $2 18. Qh5 Rd7 19. Ne2 $18) (17... f6 $1 $11 18. exf6 gxf6) 18. Rh3 (18. Qh5 $6 Nxc3+ 19. bxc3 Ra7 $14) ({White should play} 18. Nxa4 $18 Qxa4 19. Qh5) 18... Ra7 $16 19. Qh5 $1 {[%cal Rh5h7]} Qb4 {[%csl Ga4][%cal Rb4b2]} 20. Nxa4 bxa4 (20... Qxa4 $2 21. Qh7+ Kf8 22. Qh8+ Ke7 23. Qxg7 Qxf4 24. Rf3 Qxe5 25. Rxf7+ Kd6 26. Rxa7 Qxg7 27. Rxg7 $18) 21. a3 (21. Qh7+ $16 Kf8 22. Qh8+ Ke7 23. Qxg7) 21... Qb5 $2 {[%mdl 8192]} (21... Qxf4 $11 22. Rf3 Qxe5 23. Rxf7 Qxg5 24. hxg5 Rxf7) 22. Qh7+ $18 Kf8 23. Qh8+ Ke7 24. Qxg7 {[%csl Gg5][%cal Rg7f7]} Rf8 {next ...Rb7 is good for Black.} 25. Nh7 Rd8 26. Ng5 $2 (26. f5 {White wants to mate with f6+.} exf5 27. c4 $1 {[%mdl 512]} Qxc4 28. Rc3 Qxc3 29. bxc3) 26... Rf8 {White should prevent ...Rb7.} 27. c4 Qxc4 28. f5 $2 (28. Nh7 $18 Rd8 29. Rc1 Qe4+ 30. Ka1) 28... Qg4 $2 (28... Qe2 $11 29. f6+ Ke8) 29. f6+ $2 (29. Rf3 $18 {Black must now prevent Rc1.} Nd8 30. Rc1) 29... Ke8 $11 30. Rc1 Bd7 31. Rhc3 Rb7 32. Ka2 {Strongly threatening Nxf7.} Rb6 $2 {[%mdl 8192] [#]} (32... Qxg2 $2 33. R1c2 Qg4 34. Nxf7 (34. Rxc6 Bxc6 35. Rxc6 Rxb2+ 36. Kxb2 Qd4+ 37. Rc3 Qb6+ 38. Ka2 Qf2+ 39. Ka1 Qg1+ 40. Kb2 Qb6+ 41. Kc2 Qf2+ 42. Kc1 Qg1+ 43. Kd2 Qf2+ 44. Kd3 Qg3+ 45. Kd4 Qf2+ 46. Re3 Qd2+ 47. Rd3 Qf2+ 48. Re3 Qd2+ 49. Rd3 Qf2+ 50. Re3 $11) 34... Qxg7 35. Nd6+ (35. fxg7 Kxf7 36. gxf8=N Kxf8 $16) 35... Kd8 36. Nxb7+ Kc7 37. fxg7 $18) (32... Qe2 $2 33. R3c2 Qxe5 34. Nh7 $18) (32... Rb8 $1 $11 {and Black stays safe.} 33. Rxc6 (33. Nxf7 $2 Qxg7 34. Nd6+ Kd8 35. fxg7 Rg8 $19) 33... Bxc6 34. Rxc6 Qe2 35. Rxe6+ Kd7 36. Rd6+ Ke8 37. Re6+ Kd7 38. Rd6+ Ke8 39. Re6+) 33. h5 $1 $18 {[%cal Rh5h6][%mdl 512] h6 is the strong threat.} (33. Nxf7 Qxg7 34. Nd6+ (34. fxg7 $2 Rg8 35. Ng5 Rxg7 $19) 34... Kd8 35. fxg7 Rg8 $17) 33... d4 {[#]} (33... Qxg2 34. R1c2 Qg4 35. h6) (33... Qxh5 34. Nh7) 34. Nxf7 $40 {[%mdl 128] White attacks with force.} (34. Rc5 $142 $1) 34... Rg8 $2 (34... Rxb2+ $18 35. Ka1 Rg8 36. Nd6+ Kd8 37. Nf7+ (37. Qxg4 Rxg4 38. Rxc6 Rgxg2 39. Rc8+ Bxc8 40. Rxc8+ Kd7 $18) 37... Ke8 38. Nd6+ Kd8 39. Qxg4 Rxg4 40. Rxc6 (40. Kxb2 dxc3+ 41. Kxc3 Rxg2 $15) 40... Rgxg2 41. Rc8+ Bxc8 42. Rxc8+ Kd7) 35. Nd6+ Kd8 {[#]} 36. Rxc6 $1 {[%mdl 512]} Rxc6 37. Qe7+ Kc7 {[#]} 38. Ne8+ $1 {[%mdl 512] White mates.} Rxe8 39. Rxc6+ Kxc6 40. Qd6+ Kb5 41. Qxd7+ Kc5 42. Qxe8 d3 43. Qe7+ Kd5 44. Qd6+ Ke4 45. Qb4+ Kf5 46. f7 1-0

[Event "32nd Reykjavik Open 2017"]
[Site "Reykjavik"]
[Date "2017.04.24"]
[Round "7"]
[White "Can, Emre"]
[Black "Jones, Gawain C B"]
[Result "1-0"]
[WhiteElo "2578"]
[BlackElo "2671"]
[Annotator "TA"]
[PlyCount "103"]
[EventDate "2017.??.??"]
[EventType "swiss"]
[EventCountry "ISL"]
[SourceTitle "playchess.com"]
[Source "ChessBase"]
[SourceQuality "1"]

{[%evp 14,103,60,61,72,60,81,30,23,29,39,22,25,12,19,18,24,11,5,10,0,0,15,0,0,-26,7,0,0,0,188,185,247,236,234,198,293,279,254,150,157,164,158,151,139,151,137,125,227,238,243,202,214,243,273,267,323,320,310,302,288,214,256,238,220,187,197,175,362,350,644,637,729,706,802,583,1152,1079,3297,3026,2819,2267,1906,1594,1192,847,6079,5800,5277,5081,3022,1584]} 1. d4 d6 2. Nf3 g6 3. c4 Bg7 4. e4 e5 5. Nc3 Nc6 6. Bg5 f6 7. Be3 Nh6 8. dxe5 dxe5 {A42: Modern Defence: Averbakh Variation} 9. Qxd8+ Kxd8 10. h3 (10. Rd1+ $16 Bd7 11. Be2) 10... Be6 $11 {White has an edge.} 11. O-O-O+ Kc8 $1 12. c5 $146 (12. g4 Nf7 13. Rg1 b6 14. c5 Kb7 15. Nd5 Rad8 16. Ba6+ {1-0 (42) Polgar,Z (2500)-Azmaiparashvili,Z (2610) Dortmund 1990}) 12... Nf7 13. Nd2 Nd4 14. Bc4 Rd8 15. Bxe6+ Nxe6 16. Nc4 c6 17. Rxd8+ Kxd8 18. h4 h5 19. Rh3 Nf4 20. Rg3 $36 {[%mdl 2048] [#] Threatens to win with Bxf4. White is more active.} Bh6 21. Kc2 Ke7 $2 (21... g5 $11) 22. Bxf4 $1 $18 Bxf4 (22... exf4 {was necessary.} 23. Rxg6 Rh8) 23. Rxg6 Rh8 24. Nd1 b6 (24... Ke6 $142 25. Nc3 Bh6) 25. cxb6 axb6 26. Nde3 ({White should play} 26. Nxb6 $18 Rd8 27. Nc4) 26... b5 $16 27. Nf5+ Ke6 28. Na5 Nh6 29. Nxh6 ({Much worse is} 29. Nxc6 $6 Nxf5 30. exf5+ Kxf5 31. Ne7+ Ke6 $11) 29... Bxh6 {[%mdl 4096] Endgame KRB-KRN} 30. b4 Bf8 (30... Kf7 $16 {was worth a try.} 31. Rg3 Ra8) 31. Nxc6 $18 Bd6 {[#] aiming for ...Rc8.} 32. Rg3 Rc8 33. Rc3 Kd7 34. Na7 $1 {[%csl LRb5,LRc8]} Ra8 35. Nxb5 Bxb4 36. Rc7+ Ke6 37. Kb3 Ba5 38. Rc6+ Ke7 39. a4 {[%cal Ba2a4,Ba4a5,Ba5a6,Ba6a7][%mdl 32]} Rg8 40. g3 Rg4 $2 (40... Be1 41. Nc3 Bxf2 42. Nd5+ Kd7 43. Rxf6 Rxg3+ 44. Kc4 Rg2) 41. Nc3 Bxc3 $2 (41... Kf7 42. Nd5 Rg6) 42. Rxc3 {White is clearly winning.} Rxe4 {KR-KR} 43. a5 Rd4 44. Rc2 e4 45. a6 Rd6 46. Ra2 Rd8 47. a7 Ra8 48. Ra6 Kd8 49. Kc4 f5 50. Kd4 Kc7 51. Ke3 Kb7 52. Ra1 1-0

[Event "32nd Reykjavik Open 2017"]
[Site "Reykjavik"]
[Date "2017.04.24"]
[Round "7"]
[White "Donchenko, Alexander"]
[Black "Nihal Sarin"]
[Result "1-0"]
[WhiteElo "2554"]
[BlackElo "2424"]
[Annotator "TA"]
[PlyCount "71"]
[EventDate "2017.??.??"]
[EventType "swiss"]
[EventCountry "ISL"]
[SourceTitle "playchess.com"]
[Source "ChessBase"]
[SourceQuality "1"]

{[%evp 10,71,30,17,37,46,38,45,34,43,44,42,44,36,43,40,42,33,36,29,73,70,91,97,137,133,141,129,103,94,122,112,181,158,213,214,210,221,214,247,239,247,231,243,237,222,456,431,529,512,492,452,450,444,582,576,617,615,700,697,698,681,1033,1012]} 1. c4 c5 2. Nf3 Nc6 3. Nc3 e5 4. e3 f5 5. d4 e4 {A35: Symmetrical English: 2 Nc3 Nc6 3 Nf3} 6. Ng1 {[%cal Bf3g1,Bg1e2,Be2c3][%mdl 32] LiveBook: 6 Games} cxd4 7. exd4 Bb4 $146 {White is slightly better.} (7... Nf6 8. Nh3 Bb4 9. Be2 b6 10. O-O Bxc3 11. bxc3 Ba6 12. Ba3 Qc7 13. Qd2 {0-1 (43) Illescas Cordoba,M (2600)-Polgar,J (2671) Pamplona 2000}) 8. Nge2 Nf6 9. a3 Bxc3+ 10. Nxc3 O-O 11. Bf4 d5 12. h4 Be6 13. c5 b6 14. Bb5 Rc8 {Threatening ...bxc5.} 15. b4 bxc5 16. bxc5 Qa5 17. Qd2 Nh5 18. Bd6 Rfe8 19. O-O Qd8 20. Qg5 $36 {[%mdl 2048] Keeping Black busy.} Qxg5 (20... Nf6 $16 21. Rab1 h6) 21. hxg5 $18 f4 (21... Kf7 $16 22. f3 exf3 23. Rxf3 (23. gxf3 Kg6 24. Rae1 Bf7 25. Rxe8 Bxe8 $18) 23... Nxd4) 22. Rad1 Kf7 {[#]} 23. Nxe4 $1 dxe4 24. d5 Bd7 25. dxc6 Bxc6 26. Bxc6 Rxc6 {[#]} 27. g4 $1 {[%cal Rg4h5]} e3 $2 (27... fxg3 {was worth a try.} 28. fxg3+ Kg8) 28. Rd3 {White is clearly winning.} ({Stronger than} 28. gxh5 e2 $11) ({Less strong is} 28. fxe3 Ng3 $16) 28... e2 29. Re1 Kg6 30. gxh5+ Kxg5 {[#]} 31. h6 $1 gxh6 (31... Kxh6 32. Bxf4+) 32. Kg2 h5 33. Kf3 h4 34. Bxf4+ Kg6 35. Rd6+ Rxd6 36. cxd6 1-0

[Event "32nd Reykjavik Open 2017"]
[Site "Reykjavik"]
[Date "2017.04.24"]
[Round "7"]
[White "Blomqvist, Erik"]
[Black "Gislason, Gudmundur"]
[Result "1-0"]
[WhiteElo "2548"]
[BlackElo "2314"]
[Annotator "TA"]
[PlyCount "77"]
[EventDate "2017.??.??"]
[EventType "swiss"]
[EventCountry "ISL"]
[SourceTitle "playchess.com"]
[Source "ChessBase"]
[SourceQuality "1"]

{[%evp 14,77,24,30,45,0,54,32,58,60,75,66,91,90,94,81,72,36,129,147,132,139,105,101,258,253,294,284,281,286,286,278,281,260,289,289,271,293,264,165,306,297,290,311,289,237,235,235,238,227,265,222,230,233,226,216,263,255,285,240,266,261,895,889,1052,1093]} 1. Nf3 Nf6 2. g3 g6 3. Bg2 Bg7 4. O-O O-O 5. d4 d5 6. c4 c6 7. Qb3 dxc4 8. Qxc4 {LiveBook: 259 Games} Nd5 {D78: Fianchetto Grünfeld: 6 0-0 c6} (8... Bf5 9. Rd1 Nbd7 10. Nh4 Nb6 11. Qb3 Bg4 12. Nc3 Nfd5 13. Nf3 Nxc3 14. bxc3 Qd5 15. Ba3 Rfe8 16. Ne5 Qxb3 17. axb3 Bxe2 {0-1 (84) Giri,A (2769)-Svidler,P (2751) Saint Louis 2016}) 9. Rd1 $146 (9. Bg5 Be6 10. Qc1 Re8 11. Bh6 Bh8 12. e4 Nb6 13. Nc3 a5 14. Rd1 a4 15. Ng5 Bc4 16. d5 cxd5 17. Nxd5 Bxd5 18. exd5 {½-½ (117) Manolache,M (2561)-Stella,A (2439) Plovdiv 2012}) 9... Bf5 ({Black should try} 9... Be6 $11) 10. e3 {[%cal Be2e3,Be3e4,Be4d5][%mdl 32]} a5 {White is slightly better.} 11. Qe2 Nb6 12. Nc3 Na6 13. e4 $36 {[%mdl 2048] Keeping Black busy.} Be6 14. d5 cxd5 15. exd5 Bd7 (15... Nxd5 $14 16. Nd4 Nxc3 17. bxc3 Qc8) 16. Bg5 $16 {aiming for d6.} Bf6 17. Bh6 Re8 18. Nd4 Nc8 $2 {[#]} (18... Na4 $16 {was necessary.}) 19. Nc6 $1 $18 {[%cal Rc6d8]} Qb6 {[#]} 20. Be3 $1 {[%cal Re3b6]} Nc5 21. Ne4 Qa6 22. Nxf6+ exf6 23. Qc2 Rxe3 24. fxe3 Qb6 25. Rac1 Na6 26. Qc3 Kg7 (26... bxc6 $142 27. dxc6 (27. Qxf6 Qxe3+ 28. Kh1 Qe7 29. dxc6 Qxf6 $11) 27... Be8) 27. Rf1 ({And not} 27. Qxa5 Qxe3+ 28. Kh1 bxc6 $11) 27... Bf5 28. Nxa5 Nd6 {Black hopes to continue with ...Nb4.} 29. Nc4 Nxc4 30. Qxc4 Qxe3+ 31. Kh1 Rd8 32. Qc3 Qb6 33. a3 h5 34. b4 Qb5 35. Qd4 Rd6 36. Rf2 Qd7 37. Qc3 Bh3 $2 (37... b5 38. Re2 Bh3 39. Bxh3 Qxh3) 38. Bxh3 Qxh3 39. Rcf1 1-0